|
|
|
|
| LEADER |
00000cam a2200000 a 4500 |
| 001 |
vtls001219916 |
| 003 |
SK-MaSNL |
| 005 |
20260425221940.0 |
| 008 |
240226s1996 xo aba fr 100 0 ger |
| 015 |
|
|
|a SNBA1996/1103237
|
| 020 |
|
|
|a 8022404438
|c (450 výt.)
|
| 035 |
|
|
|a SNK000164419
|
| 035 |
|
|
|a 6699CDA5-74EB-433D-AFA4-4C7FB8BD8FA8
|
| 035 |
|
|
|a urn:nbn:sk:snk-am00a1vu
|
| 035 |
|
|
|a urn:nbn:sk:snk-am3h7an
|
| 035 |
|
|
|a 2442F5A9-7DBE-4CD5-B621-4E68EECBDFC6
|
| 035 |
|
|
|a urn:nbn:sk:snk-am00al9z
|
| 040 |
|
|
|a SNK
|b slo
|c SNK
|e AACR2
|
| 041 |
0 |
|
|a ger
|
| 044 |
|
|
|a xo
|c SK
|
| 080 |
|
|
|a 940.1+902(4-12)(082)=30
|2 1981
|
| 080 |
|
|
|a 902(4-12)(082)=30
|2 1981
|
| 245 |
0 |
0 |
|a Ethnische und kulturelle Verhältnisse an der mittleren Donau vom 6. bis zum 11. Jahrhundert
|b Symposium Nitra 6. bis 10. November 1994
|c herausgegeben von D. Bialeková, J. Zábojník
|
| 260 |
|
|
|a Bratislava
|b Veda
|c 1996
|
| 300 |
|
|
|a 431 s., [9] voľ. príl.
|b Fotogr., ilustr., mp., sch., tab.
|c 24 cm
|
| 500 |
|
|
|a Čiast. text angl.
|
| 504 |
|
|
|a Bibliogr. Zoz. skrat.
|
| 651 |
|
7 |
|a Dunaj (rieka)
|2 SNK
|9 22602
|
| 655 |
|
7 |
|a zborníky konferencií
|2 SNKPH
|9 70153
|
| 700 |
1 |
|
|a Bialeková, Darina,
|d 1934-
|4 com
|9 39457
|
| 700 |
1 |
|
|a Zábojník, Jozef,
|d 1952-
|4 com
|9 5551
|
| 919 |
|
|
|a 80-224-0443-8
|
| 958 |
|
|
|a OND
|
| 958 |
|
|
|a TL
|
| 958 |
|
|
|a NB
|
| 999 |
|
|
|c 538593
|d 540523
|
| 952 |
|
|
|a SNK
|b SNK
|y VYP
|7 0
|p 17A0572993
|o snkSC 91055/príloha D1
|i snkKSP 6534/96
|3 Príloha: 9 voľných listov
|z Príloha: 9 voľných listov
|0 0
|1 0
|4 0
|d 2008-02-15
|l 0
|r 2026-02-23 12:32:20
|w 2026-02-23
|
| 952 |
|
|
|a SNK
|b SNK
|y PREZ
|7 0
|p 17A0008240
|o snkSC 91055
|i snkKSP 6533/96
|0 0
|1 0
|4 0
|d 1996-08-20
|f 1
|l 0
|r 2025-09-10 00:00:00
|w 2026-02-23
|
| 952 |
|
|
|a SNK
|b SNK
|y VYP
|7 0
|p 17A0008239
|o snkSC 91055 D1
|i snkKSP 6534/96
|3 9 voľných príloh
|0 0
|1 0
|4 0
|d 1996-08-20
|l 0
|r 2005-01-01 00:00:00
|w 2026-02-23
|
| 952 |
|
|
|t P60, <09>, [BOOK], {629}
|a SNK
|b SNK
|y NEVYP
|7 0
|o snkC 1476
|i snk2797/960822
|0 0
|1 0
|4 0
|d 1996-08-20
|l 0
|r 2005-01-01 00:00:00
|w 2026-02-23
|
| 952 |
|
|
|a SNK
|b SNK
|y PREZ
|7 0
|p 17A1023537
|o snkSC 91055/príl.
|i snkKSP 6533/96
|3 Príloha: 9 voľ. listov
|z Príloha: 9 voľ. listov
|0 0
|1 0
|4 0
|d 2013-11-08
|f 1
|l 0
|r 2025-09-10 00:00:00
|w 2026-02-23
|